[Event "SVK-ch U18/20"]
[Site "Tatralandia"]
[Date "2024.04.12"]
[Round "9"]
[White "Petrek, Dominik"]
[Black "Bulej, Matej"]
[Result "1/2-1/2"]
[WhiteElo "2249"]
[BlackElo "2067"]
[PlyCount "60"]
[EventDate "2024.04.05"]
[EventType "swiss"]
[EventRounds "9"]
[EventCountry "SVK"]
[SourceTitle "CB16_2024"]
[SourceDate "2024.04.17"]
[SourceVersion "1"]
[SourceVersionDate "2024.04.17"]
[SourceQuality "1"]

1. d4 d5 2. c4 c6 3. Nf3 Nf6 4. e3 Bf5 5. Nc3 e6 6. Nh4 Be4 7. f3 Bg6 8. Qb3 Qc7 9. Bd2 Bd6 10. 0-0-0 Nbd7 11. h3 0-0 12. Nxg6 hxg6 13. Kb1 dxc4 14. Bxc4 a6 15. Rc1 e5 16. Bd3 exd4 17. exd4 Qb6 18. Qc4 Qb4 19. Ne4 Qxc4 20. Bxc4 Bc7 21. Bb4 Rfc8 22. Nc5 Bf4 23. Nxd7 Nxd7 24. Rce1 Re8 25. Re4 Be3 26. Bc3 Nf6 27. Rxe8+ Rxe8 28. Re1 Kf8 29. Bb4+ Kg8 30. Bc3 Kf8 1/2-1/2

[Event "SVK-ch U18/20"]
[Site "Tatralandia"]
[Date "2024.04.05"]
[Round "1"]
[White "Jurky, Marian"]
[Black "Petrek, Dominik"]
[Result "0-1"]
[WhiteElo "1874"]
[BlackElo "2249"]
[PlyCount "40"]
[EventDate "2024.04.05"]
[EventType "swiss"]
[EventRounds "9"]
[EventCountry "SVK"]
[SourceTitle "CB16_2024"]
[SourceDate "2024.04.17"]
[SourceVersion "1"]
[SourceVersionDate "2024.04.17"]
[SourceQuality "1"]

1. e4 e6 2. d4 d5 3. Nc3 Nf6 4. e5 Nfd7 5. Nce2 c5 6. c3 Nc6 7. f4 Qb6 8. Nf3 f6 9. g3 cxd4 10. cxd4 Bb4+ 11. Bd2 fxe5 12. fxe5 0-0 13. Bg2 Ndxe5 14. dxe5 Nxe5 15. Nf4 Qe3+ 16. Qe2 Nxf3+ 17. Bxf3 Bxd2+ 18. Kd1 Bd7 19. Qxd2 Qxf3+ 20. Kc2 Rac8+ 0-1

[Event "Piestany op-A"]
[Site "Piestany"]
[Date "2023.07.19"]
[Round "9"]
[White "Petrek, Dominik"]
[Black "Dahl, Christoph"]
[Result "1/2-1/2"]
[WhiteElo "2194"]
[BlackElo "2380"]
[PlyCount "40"]
[EventDate "2023.07.11"]
[EventType "swiss"]
[EventRounds "9"]
[EventCountry "SVK"]
[SourceTitle "EXT 2024"]
[Source "ChessBase"]
[SourceDate "2023.10.10"]
[SourceVersion "1"]
[SourceVersionDate "2023.10.10"]
[SourceQuality "1"]

1. d4 Nf6 2. c4 g6 3. Nc3 Bg7 4. e4 d6 5. Bd3 0-0 6. Nge2 c5 7. d5 e6 8. Bg5 h6 9. Bh4 exd5 10. exd5 Nbd7 11. f4 Qc7 12. 0-0 a6 13. a4 Rb8 14. Kh1 Re8 15. h3 b6 16. Qd2 Nh7 17. g4 Ndf6 18. Rf3 Bd7 19. Raf1 Re7 20. Ng3 Qc8 1/2-1/2

[Event "Piestany op-A"]
[Site "Piestany"]
[Date "2023.07.12"]
[Round "2"]
[White "Petrek, Dominik"]
[Black "Hollan, Martin"]
[Result "1-0"]
[WhiteElo "2194"]
[BlackElo "2349"]
[PlyCount "153"]
[EventDate "2023.07.11"]
[EventType "swiss"]
[EventRounds "9"]
[EventCountry "SVK"]
[SourceTitle "EXT 2024"]
[Source "ChessBase"]
[SourceDate "2023.10.10"]
[SourceVersion "1"]
[SourceVersionDate "2023.10.10"]
[SourceQuality "1"]

1. d4 Nf6 2. c4 e6 3. g3 d5 4. Bg2 dxc4 5. Nf3 a6 6. 0-0 Nc6 7. Nc3 Rb8 8. e4 Be7 9. Qe2 b5 10. Rd1 0-0 11. d5 exd5 12. e5 d4 13. exf6 Bxf6 14. Ne4 Be7 15. Bf4 d3 16. Qd2 Bg4 17. Be3 Qd7 18. Re1 Rfe8 19. Rac1 Rbd8 20. Kh1 Bh3 21. Nc3 Bxg2+ 22. Kxg2 Nb4 23. Red1 Qc6 24. b3 Nc2 25. bxc4 bxc4 26. Rxc2 dxc2 27. Qxc2 Rxd1 28. Qxd1 Rd8 29. Qa4 Qxa4 30. Nxa4 Rd3 31. Nb2 Ra3 32. Nxc4 Rxa2 33. Nfe5 Rc2 34. Na5 Bb4 35. Nec6 Bxa5 36. Nxa5 Ra2 37. Nc4 a5 38. Kf3 Ra4 39. Nb2 Rb4 40. Nd3 Rb5 41. Nc5 Kf8 42. Ke4 c6 43. Kd3 Ke7 44. Kc4 Rb4+ 45. Kc3 Kd6 46. Nb3 Rb5 47. Nd4 Rb1 48. Kc2 Rh1 49. h4 g6 50. Nb3 a4 51. Nc5 a3 52. Kb3 Ra1 53. Ne4+ Ke5 54. Ng5 f6 55. Nxh7 f5 56. Nf8 Kd5 57. Nxg6 c5 58. Nf4+ Kc6 59. Nd3 Rb1+ 60. Ka2 Rb8 61. Nxc5 f4 62. gxf4 Rh8 63. Kxa3 Rxh4 64. Kb4 Rh8 65. Kc4 Rd8 66. Bd4 Rd5 67. Ne4 Ra5 68. Nc5 Ra8 69. f5 Kd6 70. f6 Re8 71. f4 Rc8 72. Be5+ Kc6 73. Ne4 Ra8 74. Ng5 Kd7 75. Kd5 Ra5+ 76. Ke4 Ra8 77. f7 1-0

[Event "SVK-chB op"]
[Site "Bratislava"]
[Date "2023.07.05"]
[Round "5"]
[White "Petrek, Dominik"]
[Black "Chlpik, Martin"]
[Result "0-1"]
[WhiteElo "2194"]
[BlackElo "2323"]
[PlyCount "82"]
[EventDate "2023.07.01"]
[EventType "swiss"]
[EventRounds "9"]
[EventCountry "SVK"]
[SourceTitle "CBM 215 Extra"]
[Source "ChessBase"]
[SourceDate "2023.09.30"]
[SourceVersion "1"]
[SourceVersionDate "2023.09.30"]
[SourceQuality "1"]

1. d4 Nf6 2. Nf3 e6 3. c4 c5 4. e3 b6 5. Nc3 cxd4 6. exd4 Bb7 7. Bd3 Be7 8. 0-0 0-0 9. Re1 d6 10. a3 Nbd7 11. b4 Re8 12. h3 Bf8 13. Bf4 a5 14. Be2 e5 15. Be3 axb4 16. axb4 Rxa1 17. Qxa1 exd4 18. Nxd4 d5 19. Nxd5 Bxd5 20. cxd5 Nxd5 21. Bb5 Nxe3 22. Rxe3 Rxe3 23. fxe3 Nf6 24. Qa7 Ne4 25. Bc4 Qf6 26. Nf3 g6 27. Qa8 Nd6 28. Bd5 Qc3 29. e4 Kg7 30. e5 Nf5 31. Qe8 Qc1+ 32. Kh2 Qf4+ 33. Kg1 Ne3 34. Bb3 Bxb4 35. e6 fxe6 36. Qxe6 Bc5 37. Qd7+ Kh6 38. Bg8 Nf5+ 39. Kh1 Qc1+ 40. Kh2 Bd6+ 41. g3 Qc2+ 0-1

[Event "SVK-chB op"]
[Site "Bratislava"]
[Date "2023.07.03"]
[Round "3"]
[White "Petrek, Dominik"]
[Black "Panko, Eduard"]
[Result "1-0"]
[WhiteElo "2194"]
[BlackElo "2034"]
[PlyCount "85"]
[EventDate "2023.07.01"]
[EventType "swiss"]
[EventRounds "9"]
[EventCountry "SVK"]
[SourceTitle "CBM 215 Extra"]
[Source "ChessBase"]
[SourceDate "2023.09.30"]
[SourceVersion "1"]
[SourceVersionDate "2023.09.30"]
[SourceQuality "1"]

1. d4 g6 2. c4 Bg7 3. e4 c5 4. d5 d6 5. Bd3 Na6 6. Nc3 Nc7 7. h3 Bd7 8. Nf3 Nf6 9. 0-0 0-0 10. Re1 e5 11. Bg5 a6 12. a4 b6 13. Qd2 Rb8 14. Reb1 b5 15. b4 bxc4 16. bxc5 cxd3 17. cxd6 Nce8 18. Nxe5 Rxb1+ 19. Rxb1 Nxd6 20. Qxd3 h6 21. Bf4 Re8 22. Nc6 Bxc6 23. dxc6 Nc8 24. Qxd8 Rxd8 25. c7 Re8 26. Rb8 Nh5 27. Nd5 Nxf4 28. Nxf4 Be5 29. Nd5 Kf8 30. f4 Bd4+ 31. Kf1 f5 32. e5 Kf7 33. a5 Ba7 34. Nb6 Bxb6 35. axb6 Nxb6 36. Rxb6 Rc8 37. Rf6+ Kg7 38. Rc6 g5 39. g3 gxf4 40. gxf4 h5 41. Ke2 Kf7 42. Kd3 Ke7 43. e6 1-0

[Event "SVK-ch U20 rapid"]
[Site "Senec"]
[Date "2023.05.07"]
[Round "6"]
[White "Rucek, Kristian"]
[Black "Petrek, Dominik"]
[Result "0-1"]
[WhiteElo "1935"]
[BlackElo "1997"]
[PlyCount "52"]
[EventDate "2023.05.07"]
[EventType "rapid"]
[EventRounds "7"]
[EventCountry "SVK"]
[SourceTitle "EXT 2024"]
[Source "ChessBase"]
[SourceDate "2023.10.10"]
[SourceVersion "1"]
[SourceVersionDate "2023.10.10"]
[SourceQuality "1"]

1. d4 Nf6 2. c4 e6 3. Nf3 Bb4+ 4. Bd2 a5 5. a3 Bxd2+ 6. Qxd2 d6 7. Nc3 Nc6 8. e4 0-0 9. Be2 e5 10. 0-0 Bg4 11. d5 Bxf3 12. Bxf3 Nd4 13. Qd3 Nb3 14. Rab1 Nc5 15. Qe3 a4 16. Bd1 Nfd7 17. Bc2 Qe7 18. Ne2 Rae8 19. Ng3 g6 20. Rbe1 Kg7 21. Qc3 Kg8 22. Qd2 Qh4 23. Re3 Nf6 24. f3 Qg5 25. Qe1 h5 26. Ne2 Qxe3+ 0-1

[Event "SVK-ch U20"]
[Site "Dudince"]
[Date "2023.04.22"]
[Round "8"]
[White "Petrek, Dominik"]
[Black "Brnusak, Tomas"]
[Result "1/2-1/2"]
[WhiteElo "2126"]
[BlackElo "2261"]
[PlyCount "119"]
[EventDate "2023.04.16"]
[EventType "tourn"]
[EventRounds "9"]
[EventCountry "SVK"]
[SourceTitle "CBM 213 Extra"]
[Source "ChessBase"]
[SourceDate "2023.05.31"]
[SourceVersion "1"]
[SourceVersionDate "2023.05.31"]
[SourceQuality "1"]

1. d4 Nf6 2. c4 g6 3. Nc3 Bg7 4. e4 d6 5. h3 0-0 6. Be3 c5 7. Nf3 cxd4 8. Nxd4 Nc6 9. Be2 Bd7 10. 0-0 Nxd4 11. Bxd4 Bc6 12. Qc2 a5 13. Rad1 Nd7 14. Bxg7 Kxg7 15. Bg4 Nc5 16. e5 f5 17. Be2 f4 18. Rfe1 f3 19. Bf1 fxg2 20. Bxg2 Bxg2 21. Kxg2 Rf5 22. Qd2 Ne6 23. Nd5 dxe5 24. Qc3 Qd6 25. f4 Raf8 26. Rxe5 Nxf4+ 27. Nxf4 Qxe5 28. Ne6+ Kg8 29. Qxe5 Rxe5 30. Nxf8 Kxf8 31. Kf3 b5 32. Rd4 bxc4 33. Rxc4 Kf7 34. Rc6 Rb5 35. b3 h5 36. Ra6 e6 37. Ke4 Kf6 38. Kf4 g5+ 39. Kf3 Kf5 40. Ra8 Rc5 41. a4 Rc3+ 42. Kg2 Rxb3 43. Rxa5+ Kf4 44. h4 Rb2+ 45. Kg1 g4 46. Rxh5 e5 47. Kf1 Ra2 48. Rh8 Rxa4 49. h5 Kg3 50. Re8 Rf4+ 51. Kg1 Rf5 52. h6 Rh5 53. h7 Rxh7 54. Rxe5 Ra7 55. Re3+ Kf4 56. Rb3 Ra2 57. Rc3 Ra1+ 58. Kg2 Ra2+ 59. Kg1 g3 60. Rc8 1/2-1/2

[Event "SVK-ch U20"]
[Site "Dudince"]
[Date "2023.04.17"]
[Round "3"]
[White "Petrek, Dominik"]
[Black "Melih, Mario"]
[Result "1-0"]
[WhiteElo "2126"]
[BlackElo "1837"]
[PlyCount "65"]
[EventDate "2023.04.16"]
[EventType "tourn"]
[EventRounds "9"]
[EventCountry "SVK"]
[SourceTitle "CBM 213 Extra"]
[Source "ChessBase"]
[SourceDate "2023.05.31"]
[SourceVersion "1"]
[SourceVersionDate "2023.05.31"]
[SourceQuality "1"]

1. d4 Nf6 2. c4 g6 3. Nc3 Bg7 4. e4 d6 5. Be2 0-0 6. Be3 e5 7. d5 a5 8. g4 Na6 9. h4 Nc5 10. f3 h5 11. g5 Nfd7 12. Nh3 b6 13. b3 Qe7 14. Qd2 Nb8 15. Kd1 Bxh3 16. Rxh3 Nba6 17. Rb1 Rfe8 18. Rh1 Rf8 19. Qe1 Rfe8 20. Kd2 Rf8 21. Qg3 Rfe8 22. Rhg1 Rf8 23. Bd1 Rfe8 24. a3 Nb8 25. Bc2 Nbd7 26. Ra1 Rf8 27. b4 Nb7 28. Ba4 Rfd8 29. Bc6 Rdb8 30. Kc2 Ra6 31. Qh3 Nf8 32. Bxb7 Rxb7 33. Qc8 1-0

[Event "SVK-chT2A 2223"]
[Site "Slovakia"]
[Date "2023.01.15"]
[Round "7.6"]
[White "Petrek, Dominik"]
[Black "Privara, Igor"]
[Result "1/2-1/2"]
[WhiteElo "2034"]
[BlackElo "2092"]
[PlyCount "73"]
[EventDate "2022.10.08"]
[EventType "team-tourn"]
[EventRounds "11"]
[EventCountry "SVK"]
[SourceTitle "EXT 2024"]
[Source "ChessBase"]
[SourceDate "2023.10.10"]
[SourceVersion "1"]
[SourceVersionDate "2023.10.10"]
[SourceQuality "1"]
[WhiteTeam "Bratislava Doprastav II"]
[BlackTeam "Bratislava Slovan IV"]
[WhiteTeamCountry "SVK"]
[BlackTeamCountry "SVK"]

1. d4 d5 2. c4 e6 3. Nf3 c5 4. cxd5 exd5 5. Nc3 Nc6 6. Bg5 Be7 7. Bxe7 Ngxe7 8. e3 0-0 9. dxc5 Bg4 10. Be2 Qa5 11. Qa4 Qxa4 12. Nxa4 Rad8 13. Rd1 Nf5 14. 0-0 Rfe8 15. h3 Bxf3 16. Bxf3 d4 17. Bxc6 bxc6 18. exd4 Nxd4 19. Rfe1 Rxe1+ 20. Rxe1 Ne6 21. Re2 Rd4 22. b3 Kf8 23. Rc2 Rd1+ 24. Kh2 Nd4 25. Rc4 Rd2 26. Nc3 Ne6 27. Kg1 Rc2 28. g3 Ke8 29. Kg2 Kd7 30. h4 g6 31. Kf3 f5 32. Ke3 Kc8 33. a4 a5 34. Nb5 Rb2 35. Nd6+ Kd7 36. Rc3 Nxc5 37. Rxc5 1/2-1/2

[Event "SVK-chT1W 2223"]
[Site "Slovakia"]
[Date "2023.01.14"]
[Round "7.7"]
[White "Kuna, Vladimir"]
[Black "Petrek, Dominik"]
[Result "0-1"]
[WhiteElo "1923"]
[BlackElo "2120"]
[PlyCount "92"]
[EventDate "2022.10.15"]
[EventType "team-tourn"]
[EventRounds "11"]
[EventCountry "SVK"]
[SourceTitle "EXT 2024"]
[Source "ChessBase"]
[SourceDate "2023.10.10"]
[SourceVersion "1"]
[SourceVersionDate "2023.10.10"]
[SourceQuality "1"]
[WhiteTeam "Bratislava Slovan III"]
[BlackTeam "Bratislava Doprastav"]
[WhiteTeamCountry "SVK"]
[BlackTeamCountry "SVK"]

1. d4 Nf6 2. Nf3 e6 3. c4 Bb4+ 4. Bd2 Qe7 5. a3 Bxd2+ 6. Qxd2 d6 7. Nc3 Nc6 8. e3 0-0 9. Be2 a5 10. 0-0 e5 11. d5 Nb8 12. e4 a4 13. Rfe1 Nbd7 14. Bd1 Nc5 15. h3 Nh5 16. Qg5 Qxg5 17. Nxg5 Nf4 18. Bc2 Bd7 19. Nf3 Rfb8 20. Rab1 h6 21. Nd2 b6 22. Rbd1 Kh8 23. Ndb1 b5 24. Nd2 b4 25. axb4 Rxb4 26. Rb1 Rab8 27. Nd1 Nfd3 28. Bxd3 Nxd3 29. Re3 Nxb2 30. Rc3 Nxd1 31. Rxd1 c5 32. Kf1 Rb2 33. Ke2 Ra2 34. Ke3 Rbb2 35. Rd3 a3 36. Rc1 Ba4 37. Rcc3 Bc2 38. Rxa3 Bxd3 39. Rxd3 g6 40. g3 Kg7 41. f4 f6 42. Nb3 Re2+ 43. Kf3 Rf2+ 44. Kg4 h5+ 45. Kh4 Kh6 46. g4 g5+ 0-1

[Event "EU-ch Rapid"]
[Site "Katowice"]
[Date "2022.12.18"]
[Round "11"]
[White "Bochnicka, Vladimir1111"]
[Black "Petrek, Dominik"]
[Result "0-1"]
[WhiteElo "2367"]
[BlackElo "2099"]
[PlyCount "86"]
[EventDate "2022.12.17"]
[EventType "swiss (rapid)"]
[EventRounds "11"]
[EventCountry "POL"]
[SourceTitle "CBM 211 Extra"]
[Source "ChessBase"]
[SourceDate "2023.01.31"]
[SourceVersion "1"]
[SourceVersionDate "2023.01.31"]
[SourceQuality "1"]

1. Nf3 Nf6 2. g3 d5 3. Bg2 Bf5 4. d3 h6 5. 0-0 e6 6. Nc3 Be7 7. Nd2 Bh7 8. e4 0-0 9. f4 c5 10. e5 Nfd7 11. Nf3 Nc6 12. Qe1 a6 13. a3 b5 14. g4 b4 15. Ne2 Qc7 16. Kh1 Rfc8 17. Qg3 Bf8 18. Bd2 a5 19. Rae1 bxa3 20. bxa3 c4 21. dxc4 dxc4 22. Nfd4 Nxd4 23. Nxd4 Rab8 24. f5 c3 25. Bc1 Qc5 26. fxe6 Qxd4 27. exd7 Qxd7 28. Rd1 Qa4 29. Rde1 Qxc2 30. Bd5 Qd3 31. Qxd3 Bxd3 32. Rxf7 Kh8 33. e6 Bg6 34. Rd7 Bc5 35. Bf4 Rb5 36. Be5 Bf8 37. Bxc3 Rxc3 38. Rd8 Kh7 39. e7 Bxe7 40. Rxe7 Rb1+ 41. Kg2 Rb2+ 42. Kf1 Rc1+ 43. Re1 Bd3+ 0-1

[Event "SVK-chT U18"]
[Site "Radava"]
[Date "2022.11.24"]
[Round "6.1"]
[White "Petrek, Dominik"]
[Black "Priechodsky, Radovan"]
[Result "1/2-1/2"]
[WhiteElo "2089"]
[BlackElo "1937"]
[PlyCount "105"]
[EventDate "2022.11.21"]
[EventType "team-swiss"]
[EventRounds "7"]
[EventCountry "SVK"]
[SourceTitle "CBM 211 Extra"]
[Source "ChessBase"]
[SourceDate "2023.01.31"]
[SourceVersion "1"]
[SourceVersionDate "2023.01.31"]
[SourceQuality "1"]
[WhiteTeam "Bratislava Doprastav"]
[BlackTeam "Liptov CS Zakamenne"]
[WhiteTeamCountry "SVK"]
[BlackTeamCountry "SVK"]

1. d4 d5 2. Nf3 c6 3. e3 Bg4 4. c4 e6 5. Nc3 f5 6. Qb3 Qb6 7. Ne5 Qxb3 8. axb3 Bh5 9. c5 Nd7 10. Nxd7 Kxd7 11. b4 Nf6 12. b5 Be7 13. Bd2 Ne4 14. b4 Nxc3 15. Bxc3 Rhb8 16. Kd2 a6 17. bxa6 b5 18. Bd3 Ra7 19. Ra2 Be8 20. f3 Rba8 21. Rha1 Kd8 22. e4 g6 23. Ke2 Bf6 24. e5 Bg5 25. Bd2 Bxd2 26. Kxd2 Bd7 27. Ke3 Ke7 28. h4 Bc8 29. Kf4 Kf7 30. h5 Rxa6 31. Rxa6 Rxa6 32. Rxa6 Bxa6 33. Kg5 Kg7 34. h6+ Kf7 35. g4 Bc8 36. gxf5 exf5 37. f4 Ke7 38. Be2 Be6 39. Bf3 Bf7 40. e6 Kxe6 41. Be2 Be8 42. Bf3 Bd7 43. Be2 Bc8 44. Bf3 Bb7 45. Be2 Ba6 46. Bd1 Bc8 47. Bc2 Bd7 48. Bd3 Be8 49. Be2 Bd7 50. Bd3 Be8 51. Be2 Bd7 52. Bd3 Be8 53. Be2 1/2-1/2

[Event "SVK-chT U18"]
[Site "Radava"]
[Date "2022.11.23"]
[Round "5.2"]
[White "Stevik, Patrik1111"]
[Black "Petrek, Dominik"]
[Result "1-0"]
[WhiteElo "2200"]
[BlackElo "2089"]
[PlyCount "83"]
[EventDate "2022.11.21"]
[EventType "team-swiss"]
[EventRounds "7"]
[EventCountry "SVK"]
[SourceTitle "CBM 211 Extra"]
[Source "ChessBase"]
[SourceDate "2023.01.31"]
[SourceVersion "1"]
[SourceVersionDate "2023.01.31"]
[SourceQuality "1"]
[WhiteTeam "Banska Bystrica Junior"]
[BlackTeam "Bratislava Doprastav"]
[WhiteTeamCountry "SVK"]
[BlackTeamCountry "SVK"]

1. e4 e6 2. Qe2 c5 3. Nc3 Nc6 4. f4 Nd4 5. Qd3 d5 6. Nf3 Nxf3+ 7. Qxf3 Nf6 8. Bb5+ Bd7 9. Bxd7+ Qxd7 10. e5 Ng8 11. d3 Ne7 12. 0-0 h5 13. Ne2 Nf5 14. c3 Be7 15. Ng3 g6 16. a4 h4 17. Nxf5 gxf5 18. Bd2 Rc8 19. Rfb1 Kf8 20. Be1 Kg7 21. Bf2 a6 22. Kh1 b5 23. axb5 axb5 24. g4 Rh6 25. Rg1 Rg6 26. g5 Rh8 27. Ra6 h3 28. Rga1 Rc8 29. Ra7 Rc7 30. Rxc7 Qxc7 31. Qxh3 Qb7 32. Qf3 Kg8 33. h4 Rg7 34. h5 Kh7 35. b4 Qc6 36. Ra7 cxb4 37. Rxe7 bxc3 38. g6+ fxg6 39. hxg6+ Kg8 40. Rxg7+ Kxg7 41. Qh5 d4+ 42. Kh2 1-0

[Event "SVK-chT1W 2223"]
[Site "Slovakia"]
[Date "2022.10.15"]
[Round "1.8"]
[White "Petrek, Dominik"]
[Black "Budinsky, Martin"]
[Result "1/2-1/2"]
[WhiteElo "2089"]
[BlackElo "2038"]
[PlyCount "84"]
[EventDate "2022.10.15"]
[EventType "team-tourn"]
[EventRounds "11"]
[EventCountry "SVK"]
[SourceTitle "EXT 2024"]
[Source "ChessBase"]
[SourceDate "2023.10.10"]
[SourceVersion "1"]
[SourceVersionDate "2023.10.10"]
[SourceQuality "1"]
[WhiteTeam "Bratislava Doprastav"]
[BlackTeam "Levice"]
[WhiteTeamCountry "SVK"]
[BlackTeamCountry "SVK"]

1. d4 Nf6 2. c4 e6 3. Nf3 b6 4. a3 Bb7 5. Nc3 d5 6. cxd5 exd5 7. g3 Be7 8. Bg2 0-0 9. 0-0 c5 10. Ne5 Nc6 11. Nxc6 Bxc6 12. Bf4 Qd7 13. Rc1 Rac8 14. e3 Rfd8 15. Re1 Qb7 16. g4 Ne4 17. f3 Nxc3 18. Rxc3 c4 19. Rc1 Qd7 20. Kh1 b5 21. Rg1 a5 22. Qf1 b4 23. axb4 axb4 24. g5 Qb7 25. h4 Bd6 26. Bh3 Ra8 27. Qg2 Bxf4 28. exf4 Ra2 29. f5 c3 30. h5 Qc7 31. Qg4 Rxb2 32. f4 Re8 33. f6 Ree2 34. Rge1 Rxe1+ 35. Rxe1 c2 36. g6 hxg6 37. hxg6 fxg6 38. Qxg6 Rb1 39. Be6+ Kf8 40. Rxb1 cxb1Q+ 41. Qxb1 gxf6 42. Qxb4+ Ke8 1/2-1/2

[Event "Piestany Slovakia op-B"]
[Site "Piestany"]
[Date "2022.07.17"]
[Round "8"]
[White "Petrek, Dominik"]
[Black "Fizer, Marek"]
[Result "1/2-1/2"]
[WhiteElo "1993"]
[BlackElo "1967"]
[PlyCount "120"]
[EventDate "2022.07.11"]
[EventType "swiss"]
[EventRounds "9"]
[EventCountry "SVK"]
[SourceTitle "CBM 209 Extra"]
[Source "ChessBase"]
[SourceDate "2022.09.30"]
[SourceVersion "1"]
[SourceVersionDate "2022.09.30"]
[SourceQuality "1"]

1. d4 d5 2. Nf3 Nf6 3. c4 e6 4. Nc3 c5 5. cxd5 cxd4 6. Qxd4 exd5 7. e4 dxe4 8. Qxd8+ Kxd8 9. Ng5 Be6 10. Nxe6+ fxe6 11. Bg5 Bb4 12. 0-0-0+ Ke7 13. Nxe4 Nc6 14. Bb5 h6 15. Bh4 Rac8 16. Kb1 a6 17. Bxc6 Rxc6 18. Nxf6 gxf6 19. Rd3 Rd6 20. Rhd1 Rhd8 21. Kc2 Rc8+ 22. Kb1 Rxd3 23. Rxd3 Rc4 24. Bg3 e5 25. f3 Ke6 26. Rd8 Bd6 27. Rh8 Bc5 28. a3 Be3 29. Rb8 b5 30. Ra8 Rc6 31. Rd8 Rc1+ 32. Ka2 Rc2 33. Kb1 Rxg2 34. Ra8 Kd5 35. Rxa6 f5 36. Ra5 f4 37. Rxb5+ Ke6 38. Bh4 Rxh2 39. Bd8 Rh1+ 40. Kc2 Rc1+ 41. Kb3 Rd1 42. Bc7 Bd4 43. a4 h5 44. a5 h4 45. Rb8 h3 46. Rh8 Rd3+ 47. Kc4 Rxf3 48. Bb6 Bxb2 49. a6 Ra3 50. a7 e4 51. Rxh3 f3 52. Rg3 Rc3+ 53. Kb4 Rc8 54. Be3 Be5 55. Rh3 Kf5 56. Rh5+ Ke6 57. Kb5 Bg3 58. Kb6 f2 59. Rh1 Kf5 60. Rf1 Kg4 1/2-1/2

[Event "Piestany Slovakia op-B"]
[Site "Piestany"]
[Date "2022.07.12"]
[Round "2"]
[White "Petrek, Dominik"]
[Black "Kapolkova, Greta"]
[Result "1/2-1/2"]
[WhiteElo "1993"]
[BlackElo "1727"]
[PlyCount "104"]
[EventDate "2022.07.11"]
[EventType "swiss"]
[EventRounds "9"]
[EventCountry "SVK"]
[SourceTitle "CBM 209 Extra"]
[Source "ChessBase"]
[SourceDate "2022.09.30"]
[SourceVersion "1"]
[SourceVersionDate "2022.09.30"]
[SourceQuality "1"]

1. b3 e5 2. Bb2 Nc6 3. e3 d6 4. c4 Bd7 5. Nc3 g6 6. g3 Bg7 7. Bg2 f5 8. Nge2 Nge7 9. 0-0 0-0 10. d3 a6 11. Nd5 Nxd5 12. Bxd5+ Kh8 13. Qd2 Rb8 14. Rac1 Ne7 15. Bg2 Bc6 16. e4 Bd7 17. f4 Nc6 18. d4 Qe7 19. fxe5 dxe5 20. d5 Nd8 21. c5 Nf7 22. Qc3 Bb5 23. Rce1 fxe4 24. Bxe4 Ng5 25. Bg2 Rxf1+ 26. Kxf1 Rf8+ 27. Kg1 e4 28. Qxg7+ Qxg7 29. Bxg7+ Kxg7 30. Nc3 Nf3+ 31. Bxf3 exf3 32. Kf2 Be2 33. Nxe2 fxe2+ 34. Kxe2 Re8+ 35. Kd2 Rxe1 36. Kxe1 Kf6 37. c6 bxc6 38. dxc6 Ke5 39. Kd2 Kd5 40. Ke3 Kxc6 41. Kf4 Kb5 42. Kg5 Kb4 43. h4 c5 44. Kh6 Ka3 45. Kxh7 Kxa2 46. Kxg6 Kxb3 47. h5 c4 48. h6 c3 49. h7 c2 50. h8Q c1Q 51. Qb8+ Ka2 52. g4 Qb1+ 1/2-1/2

[Event "Piestany Slovakia op-B"]
[Site "Piestany"]
[Date "2022.07.11"]
[Round "1"]
[White "Volanek, Maros"]
[Black "Petrek, Dominik"]
[Result "0-1"]
[WhiteElo "1556"]
[BlackElo "1993"]
[PlyCount "116"]
[EventDate "2022.07.11"]
[EventType "swiss"]
[EventRounds "9"]
[EventCountry "SVK"]
[SourceTitle "CBM 209 Extra"]
[Source "ChessBase"]
[SourceDate "2022.09.30"]
[SourceVersion "1"]
[SourceVersionDate "2022.09.30"]
[SourceQuality "1"]

1. d4 Nf6 2. Nf3 e6 3. c4 Bb4+ 4. Bd2 Qe7 5. a3 Bxd2+ 6. Qxd2 Nc6 7. e3 d6 8. Nc3 0-0 9. Be2 a5 10. 0-0 Re8 11. Rac1 e5 12. d5 Nb8 13. Rfd1 Na6 14. Qc2 g6 15. e4 Bd7 16. Nd2 Rf8 17. Rf1 Kg7 18. h3 Ng8 19. f3 Qh4 20. Rf2 Nf6 21. Nf1 Nh5 22. Bd3 Nf4 23. Ne2 a4 24. Nxf4 exf4 25. Qc3+ f6 26. Rd1 Nc5 27. Bc2 Rfe8 28. Nh2 h5 29. Nf1 Re5 30. Qd2 Rg5 31. Kh2 Rg3 32. Kh1 Rg5 33. Kh2 Re8 34. Re1 b6 35. Ree2 Ree5 36. Qd1 Rg3 37. Kh1 Rgg5 38. Kh2 Re8 39. Rd2 Rge5 40. Rfe2 g5 41. Qe1 Qxe1 42. Rxe1 f5 43. Rde2 Kf6 44. Nd2 b5 45. Rd1 Rb8 46. Ree1 fxe4 47. Bxe4 b4 48. Rb1 Ree8 49. Kg1 Rb6 50. Kf2 bxa3 51. bxa3 Reb8 52. Ke2 Rxb1 53. Rxb1 Rxb1 54. Bxb1 Ke5 55. Ba2 Kd4 56. Kf2 h4 57. Ke2 Bf5 58. Kf2 Kc3 0-1

[Event "Pula op 34th"]
[Site "Pula"]
[Date "2022.06.20"]
[Round "3"]
[White "Starcevic, Ante Leon"]
[Black "Petrek, Dominik"]
[Result "1-0"]
[WhiteElo "2237"]
[BlackElo "2021"]
[PlyCount "113"]
[EventDate "2022.06.18"]
[EventType "swiss"]
[EventRounds "9"]
[EventCountry "CRO"]
[SourceTitle "CBM 209 Extra"]
[Source "ChessBase"]
[SourceDate "2022.09.30"]
[SourceVersion "1"]
[SourceVersionDate "2022.09.30"]
[SourceQuality "1"]

1. Nf3 e6 2. d4 Nf6 3. Bf4 d5 4. e3 Bd6 5. Bg3 0-0 6. Nbd2 c5 7. c3 Qc7 8. dxc5 Qxc5 9. Bd3 Nbd7 10. Qe2 e5 11. e4 dxe4 12. Bxe4 Nxe4 13. Nxe4 Qc7 14. Nxd6 Qxd6 15. Bxe5 Nxe5 16. Qxe5 Qb6 17. 0-0-0 Be6 18. Qd4 Bxa2 19. Qxb6 axb6 20. Rd6 Bd5 21. Rd1 Ra1+ 22. Kd2 Rxd1+ 23. Kxd1 Bc6 24. Ne1 Ra8 25. g3 Kf8 26. Kd2 Ke7 27. Rd4 Rd8 28. Rxd8 Kxd8 29. Ke3 Ke7 30. Kd4 Kd6 31. Nd3 g6 32. Ne5 f6 33. Nc4+ Kc7 34. h4 h5 35. Ne3 Kd6 36. Nc4+ Kc7 37. Nd2 Kd6 38. Nb3 Ke6 39. Ke3 Kd5 40. Nd4 Kc4 41. Kd2 Bd5 42. b4 Bf7 43. Ne2 Kb3 44. Nd4+ Kc4 45. Ne2 Kb3 46. Nf4 Kc4 47. Ng2 Be6 48. Ne3+ Kb3 49. Kd3 Kb2 50. b5 Kb3 51. c4 Kb4 52. Kd4 Bf7 53. f3 g5 54. Nd5+ Bxd5 55. cxd5 gxh4 56. gxh4 Kxb5 57. f4 1-0

[Event "SVK-ch U18"]
[Site "Stara Lubovna"]
[Date "2022.05.26"]
[Round "7"]
[White "Petrek, Dominik"]
[Black "Kuna, Patrik"]
[Result "0-1"]
[WhiteElo "2110"]
[BlackElo "1811"]
[PlyCount "68"]
[EventDate "2022.05.21"]
[EventType "swiss"]
[EventRounds "9"]
[EventCountry "SVK"]
[SourceTitle "CBM 208 Extra"]
[Source "ChessBase"]
[SourceDate "2022.07.31"]
[SourceVersion "1"]
[SourceVersionDate "2022.07.31"]
[SourceQuality "1"]

1. d4 d5 2. Nf3 Nf6 3. c4 e6 4. e3 Be7 5. Nbd2 0-0 6. Bd3 b6 7. Qc2 Bb7 8. 0-0 Nbd7 9. b3 c5 10. Bb2 h6 11. e4 dxc4 12. Bxc4 cxd4 13. Bxd4 Nc5 14. Rfe1 Rc8 15. Rad1 Qc7 16. Be5 Qd7 17. Qb1 Rfd8 18. a4 a6 19. Nf1 Qe8 20. Bxf6 Bxf6 21. Ng3 b5 22. axb5 axb5 23. Bf1 Bc3 24. Re3 b4 25. Bc4 Ra8 26. Rxd8 Qxd8 27. Qc2 Ra1+ 28. Nf1 Qd1 29. Qxd1 Rxd1 30. e5 Rb1 31. Re2 Nxb3 32. Ra2 Bd5 33. Bd3 Ra1 34. Rc2 Nc5 0-1